000 00993 a2200265 4500
005 20090615122416.0
008 060724s2005 ii b 101 0 eng
010 _aENG-93991
020 _a9780070077638
_c375.00
020 _a00700077630
_c375.00
035 _aEN-77524
037 _bDBAD / PUB
040 _adpl
_bEnglish
082 _a332.6322
100 _aParikh, Parag
245 _aValue investing and behavioral finance:
_cby Parag Parikh
_binsight into Indian stock market realities /
260 _aNew Delhi
_bTata McGraw-Hill Publishing
_c2009
270 _a7 West Patel Nagar
_bNew Delhi
_e110008
300 _axxviii, 328p.
_c25cm(Hb)
500 _aIncludes glossary and index
650 _aValue investing
650 _aStocks
942 _2ddc
_cEN
_mPAR
_h332.6322
999 _c27457
_d27457